00682 2200193 4500001002100000005001500021035002000036007000300056008004100059020002200100100001900122245011600141250001100257260006500268300003900333650006800372700001900440856002900459INLIS00000000000119320260205125921 a0010-0226000016ta260205 e 0 ind  a978-979-830r-69-70 aLukman Affandy1 aPetunjuk Teknis Penanganan Gangguan Reproduksi Pada Sapi potong /cPusat Penelitian dan Pengembangan Peternakan acet. 1 aBogor :bPusat Penelitian dan Pengembangan Peternakan,c2012 a33 hlm :biii 33 hlm;ilus ;c23 cm 4aPetunjuk Teknis Penanganan Gangguan Reproduksi Pada Sapi potong0 aDian Ratnawati aBalai Perpustakaan Bogor